00000000nam##2200000za#4500
0019.600680
003CaOODSP
00520210624205713
007cr |||||||||||
008150406|1990||||xxc|||||o    f|0| 0 fre|d
040 |aCaOODSP|bfre
043 |an-cn---
0861 |aNH18-1/134-1990F-PDF
1102 |aSociété canadienne d'hypothèques et de logement.
24510|aRépertoire des systèmes de construction industrialisés en habitation / |h[ressource électronique]|cpréparé par Roger-Bruno Richard.
260 |aOttawa - Ontario : |bSociété canadienne d'hypothèques et de logement |c1990.
300 |a85p.|bfigures, photographies
4901 |aRapport de recherche
590 |a11-25-Supp|b2011-10-31
7201 |aRichard, Roger-Bruno
830#0|aResearch report (Société canadienne d'hypothèques et de logement : En ligne)|w(CaOODSP)9.502470
85640|ahttp://publications.gc.ca|qPDF|s5.56 Mo|uhttps://publications.gc.ca/collections/collection_2011/schl-cmhc/nh18-1/NH18-1-134-1990-fra.pdf